00453 2200181 4500001002100000005001500021035002000036245003000056100001500086250001700101300003200118260003200150082001000182084001600192020002200208650001600230500002500246INLIS00000000000068920240919080121 a0010-09240000081 aSeni Patung /cAhmad Said0 aAhmad Said aCetakan Ke-1 aiv, 60 hlm :bIlus ;c21 cm aSurabaya :bJP Books,c2007 a732.5 a732.5 AHM s a978-979-3487-87-8 4aseni patung aSeri Kecakapan Hidup